| 000 | 00587nam a22001337a 4500 | ||
|---|---|---|---|
| 008 | 230209b |||||||| |||| 00| 0 eng d | ||
| 040 |
_aNational Science Library _cNational Science Library |
||
| 080 |
_a676(082.2)(55/569.5+6) _bK6.1 |
||
| 245 |
_aProceedings of the conference on pulp and paper development in Africa and the near east _c/ Food and Agriculture Organization of the United Nations, held in CAIRO 8-18 March 1965, vol. I |
||
| 260 |
_aRome: _bFood and Agriculture Organization of the United Nations, _c1966 |
||
| 300 | _a454p. | ||
| 650 | _aAgriculture | ||
| 942 |
_2udc _cREF |
||
| 999 |
_c53593 _d53593 |
||